000
00294nam a2200121Ia 4500
008
191201s2007 xx 000 0 und d
100
_a
JERKE, Noel
245
0
_a
Visual Basic 6 The Complete Reference
260
_a
N.Delhi
_b
TMH
_c
2007
300
_a
768
650
_a
B.Tech(IT)
942
_2
ddc
_c
BK
999
_c
3151
_d
3151